00370nam a2200145Ia 4500008004100000020001400041041001200055082001600067100001600083245006800099250000800167260002500175300000800200650001600208221030s9999 xx 000 0 und d a007435123 aEnglish a105.23bAnt aA. Antoniou 0aDigital Filters - Analysis Design & Applicationcby A. Antoniou a2nd bTMHaNew Delhic2005 a689 aBE Computer